| 000 | 00677nam a2200241Ia 4500 | ||
|---|---|---|---|
| 003 | OSt | ||
| 005 | 20220928121109.0 | ||
| 006 | a|||||r|||| 00| 0 | ||
| 007 | ta | ||
| 008 | 220927b |||||||| |||| 00| 0 eng d | ||
| 024 | _a68097 | ||
| 037 | _cTextual | ||
| 040 |
_aSDCL _cSDCL _beng |
||
| 041 |
_2eng _aeng |
||
| 082 | _aG:424-555, P5 | ||
| 100 |
_aCanfield Donald E _9451536 |
||
| 245 | 0 | _aAquatic geomicrobiology. | |
| 260 |
_aAmsterdam _bElsevier Academic Press _c2005 |
||
| 300 |
_axii,640p, Bib p517-600 _ccm. |
||
| 490 | _aAdvances in marine biology.; 48 | ||
| 942 |
_hG:424-555, P5 _cTEXL _2CC |
||
| 999 |
_c765600 _d765600 |
||